000 00792nam a2200241Ia 4500
003 OSt
005 20220925203359.0
006 a|||||r|||| 00| 0
007 ta
008 220923b |||||||| |||| 00| 0 eng d
020 _a9780822342830
_c870.70000000000005
037 _bRKBA\08-09\3587, 12/01/2009, RAJKIRAN BOOK AGENCY
_cGeneral Book
040 _aRTL
_cRTL
_beng
041 _2eng
_aeng
082 _aY73, P8
100 _aFabian Johannes
_929208
245 0 _aEthnography as commentary
_b Writing from the virtual archive
260 _aDurham
_bDuke University Press
_c2008
300 _aix,139p.
_ccm.
650 _aSociology
942 _hY73, P8
_cGB
_2CC
999 _c546160
_d546160